|
|
|
|
| LEADER |
00000ny a22000003n 4500 |
| 005 |
20110622123459.0 |
| 006 |
m u |
| 007 |
cr cn||||||||| |
| 008 |
200807r2007 sp |||||s|||||||||||spa d |
| 020 |
|
|
|a 9788498490336
|
| 035 |
|
|
|a 2317
|
| 040 |
|
|
|a FlNmELB
|c FlNmELB
|d vlex
|
| 050 |
1 |
4 |
|a HV6025
|b C352 2007eb
|
| 080 |
|
|
|a 343.22
|
| 090 |
|
|
|c 1236
|d 1236
|
| 100 |
1 |
|
|a Castillo Codes, Enrique del
|
| 245 |
1 |
3 |
|a La imprudencia
|h [Recurso electrn̤ico]
|b autora̕ y participacin̤ /
|c Enrique del Castillo Codes
|
| 256 |
|
|
|a Servicio en ln̕ea
|
| 260 |
|
|
|a Madrid :
|b Dykinson,
|c 2007
|
| 300 |
|
|
|a 10-235 p
|
| 506 |
1 |
|
|a Contenido solo disponible en los productos indicados
|d vLex Global
|d vLex Global (Academic Edition, excluding Law Schools)
|d vLex Global (U.S. Academic Edition, Law Schools)
|d vLex Global (U.S. Academic Edition, excluding Law Schools)
|d vLex Global (Academic Edition, Law Schools)
|
| 650 |
0 |
7 |
|a Penal
|2 Tesauro vLex
|
| 650 |
0 |
7 |
|a Responsabilidad Penal
|2 Tesauro vLex
|
| 650 |
0 |
7 |
|a Culpabilidad
|2 Tesauro vLex
|
| 650 |
0 |
7 |
|a Imprudencia
|2 Tesauro vLex
|
| 650 |
0 |
7 |
|a Autora̕ del delito
|2 Tesauro vLex
|
| 650 |
0 |
7 |
|a Participacin̤ en el delito
|2 Tesauro vLex
|
| 740 |
0 |
|
|a vLex Libros (Servicios en ln̕ea)
|
| 856 |
4 |
0 |
|z Acceso restringido
|u http://vlex.com/source/imprudencia-autoria-participacion-2317
|
| 942 |
|
|
|c BOOK
|